عرض عادي
عرض مارك
- Allen, Theodore T.
مدخل إسم شخص
001 - رقم الضبط
- حقل الضبط: 17317
003 - معرف رقم الضبط
- حقل الضبط: OSt
005 - تاريخ ووقت أخر عملية
- حقل الضبط: 20120919095903.0
008 - عناصر بيانات ثابتة الطول
- حقل تحكم ثابت الطول: 120919|||a|||||| | ||| d
040 ## - مصدر الفهرسة
- هيئة الفهرسة الأصلية: OSt
- وكالة الكتابة: OSt
100 ## - مدخل -- أسم شخص
- إسم شخص: Allen, Theodore T.
670 ## - بيانات المصدر موجوده
- الاستشهاد بالمصدر: Work cat.: (OSt)0: Allen, Theodore T., Introduction to engineering statistics and lean sigma :, 2010.
